000 00498pab a2200169 454500
008 180718b2014 xxu||||| |||| 00| 0 eng d
100 _aBhardwaj, Promila
245 _aA comparative analysis of effect of corporate income tax reforms on corporate income tax revenue in pre and post liberalization era
260 _c2014
300 _ap.93-114.
362 _aMar
650 _aIncome tax
700 _aNarwal, Karam Pal
773 _aAsian Economic Review
908 _aN
909 _a103702
999 _c103698
_d103698